All Split-Dalmatia County settlements - Statistics

General Stats
  • This quiz has been taken 63 times
  • The average score is 86 of 382
Answers on the Map
Answers color-coded by a green-red scale on the quiz's map according to % correct below.
 
Answer Stats
Answer % Correct
Split
97%
Makarska
94%
Kaštel Stari
89%
Solin
89%
Vis
89%
Hvar
86%
Kaštel Novi
86%
Kaštel Sućurac
86%
Sinj
86%
Supetar
86%
Trogir
86%
Imotski
83%
Kaštel Gomilica
83%
Bol
78%
Dugopolje
75%
Kaštel Kambelovac
75%
Kaštel Štafilić
75%
Klis
75%
Omiš
75%
Kaštel Lukšić
72%
Komiža
72%
Stobreč
72%
Stari Grad
69%
Trilj
69%
Vrlika
69%
Jelsa
67%
Sutivan
67%
Dugi Rat
64%
Marina
64%
Baška Voda
58%
Drvenik
58%
Milna
58%
Prgomet
56%
Sućuraj
56%
Cista Provo
53%
Okrug Gornji
53%
Postira
53%
Vrgorac
53%
Hrvace
50%
Otok
50%
Selca
50%
Slatine
50%
Tučepi
50%
Žrnovnica
50%
Jabuka
47%
Lećevica
47%
Okrug Donji
47%
Seget Donji
47%
Splitska
47%
Sumartin
47%
Arbanija
44%
Biševo
44%
Brela
44%
Dol
44%
Mravince
44%
Vranjic
44%
Zmijavci
44%
Kamen
42%
Kučine
42%
Nečujam
42%
Seget Gornji
42%
Šestanovac
42%
Tugare
42%
Blato na Cetini
39%
Brnaze
39%
Brštanovo
39%
Donji Muć
39%
Gornji Muć
39%
Pučišća
39%
Zagvozd
39%
Bisko
36%
Nerežišća
36%
Palagruža
36%
Srinjine
36%
Stomorska
36%
Sveta Nedjelja
36%
Divulje
33%
Donji Proložac
33%
Gornji Proložac
33%
Jesenice
33%
Konjsko
33%
Podgora
33%
Sevid
33%
Zadvarje
33%
Blaca
31%
Bobovišća
31%
Bobovišća na Moru
31%
Donje Sitno
31%
Donji Vinjani
31%
Duće
31%
Dugobabe
31%
Karakašica
31%
Prugovo
31%
Runović
31%
Čaporice
28%
Cista Velika
28%
Dicmo Osoje
28%
Donji Bitelić
28%
Drvenik Mali
28%
Gizdavac
28%
Gornja Podstrana
28%
Gornje Sitno
28%
Gornji Bitelić
28%
Gornji Vinjani
28%
Gradac
28%
Lovreć
28%
Nisko
28%
Novo Selo
28%
Podstrana - Mutogras
28%
Poljica
28%
Povlja
28%
Pražnica
28%
Primorski Dolac
28%
Sitno
28%
Dicmo Kraj
25%
Dračevica
25%
Gornji Humac
25%
Kotlenice
25%
Labin
25%
Ložišća
25%
Mirca
25%
Podstrana - Grljevac
25%
Radošić
25%
Seget Vranjica
25%
Škrip
25%
Vinišće
25%
Vrboska
25%
Vrisnik
25%
Vučevica
25%
Aržano
22%
Dabar
22%
Dicmo Prisoje
22%
Donji Dolac
22%
Donji Humac
22%
Drvenik Veliki
22%
Glavice
22%
Gornji Dolac
22%
Grohote
22%
Koprivno
22%
Korušce
22%
Krivodol
22%
Lokva Rogoznica
22%
Malo Grablje
22%
Murvica
22%
Pitve
22%
Podhumlje
22%
Pribude
22%
Rogač
22%
Rudina
22%
Trnbusi
22%
Veliki Bročanac
22%
Velo Grablje
22%
Vučipolje
22%
Brist
19%
Dicmo Ercegovci
19%
Donje Ogorje
19%
Donje Selo
19%
Gornje Ogorje
19%
Gornje Selo
19%
Ivanbegovina
19%
Lučane
19%
Maslinica
19%
Naklice
19%
Neorić
19%
Plano
19%
Sevid na Moru
19%
Studenci
19%
Tijarica
19%
Vrbanj
19%
Vrpolje
19%
Bogomolje
17%
Brusje
17%
Humac
17%
Kamenmost
17%
Kostanje
17%
Košute
17%
Lokvičići
17%
Podhume
17%
Podstrana - Strožanac Donji
17%
Podstrana - Strožanac Gornji
17%
Srednje Selo
17%
Svib
17%
Svirče
17%
Zastražišće
17%
Zavala
17%
Živogošće
17%
Bogdanovići
14%
Crivac
14%
Dubrava
14%
Gata
14%
Grab
14%
Ivan Dolac
14%
Kamensko
14%
Kladnjice
14%
Medovdolac
14%
Nova Sela
14%
Oključna
14%
Orah
14%
Podbablje Gornje
14%
Podstrana - Miljevac
14%
Podstrana - Sita
14%
Podstrana - Žminjača
14%
Srijane
14%
Zaostrog
14%
Bajagić
11%
Bast
11%
Bračević
11%
Čisla
11%
Gdinj
11%
Gornja Brela
11%
Grabovac
11%
Laktac
11%
Liska
11%
Ostrvica
11%
Pisak
11%
Podaca
11%
Podosoje
11%
Podšpilje
11%
Potravlje
11%
Rastovac
11%
Rože
11%
Rukavac
11%
Rumin
11%
Selca kod Bogomolja
11%
Selca kod Starog Grada
11%
Slime
11%
Slivno
11%
Sveti Andrija
11%
Trolokve
11%
Velić
11%
Voštane
11%
Vrsine
11%
Zaraće
11%
Zasiok
11%
Žedno
11%
Žena Glava
11%
Žeževica
11%
Blizna Donja
8%
Blizna Gornja
8%
Čačvina
8%
Dicmo Krušvar
8%
Dobranje
8%
Donje Postinje
8%
Dračevo Polje
8%
Drašnice
8%
Gala
8%
Gornje Postinje
8%
Gustirna
8%
Igrane
8%
Jagodna
8%
Ježević
8%
Katuni
8%
Krvavica
8%
Maovice
8%
Marinje Zemlje
8%
Mimice
8%
Podselje
8%
Podstrana - Grbavac
8%
Podstražje
8%
Promajna
8%
Ričice
8%
Ruda
8%
Stanići
8%
Strizirep
8%
Sutina
8%
Turjaci
8%
Ugljane
8%
Vedrine
8%
Vinovac
8%
Zelovo
8%
Zvečanje
8%
Biorine
6%
Bristivica
6%
Budimiri
6%
Čitluk
6%
Dicmo Sičane
6%
Drum
6%
Dusina
6%
Gardun
6%
Garjak
6%
Glavina Donja
6%
Glavina Gornja
6%
Gljev
6%
Gromin Dolac
6%
Grubine
6%
Hršćevani
6%
Jasensko
6%
Korita
6%
Kotezi
6%
Kreševo
6%
Kučiće
6%
Ljut
6%
Mala Milešina
6%
Maljkovo
6%
Mitlo
6%
Obrovac Sinjski
6%
Otišić
6%
Podašpilje
6%
Podi
6%
Podstrana - Sv. Martin
6%
Prapatnica
6%
Radunić
6%
Ramljane
6%
Rogačić
6%
Satrić
6%
Seoca
6%
Smolonje
6%
Strmendolac
6%
Suhač
6%
Šumet
6%
Svinišće
6%
Udovičići
6%
Velika Milešina
6%
Veliki Prolog
6%
Veliko Brdo
6%
Vina
6%
Vinine
6%
Vojnić Sinjski
6%
Zavojane
6%
Banja
3%
Borak
3%
Čelina
3%
Dicmo Sušci
3%
Divojevići
3%
Dobrinče
3%
Dograde
3%
Dolića Draga
3%
Dragljane
3%
Draževitići
3%
Duboka
3%
Duge Njive
3%
Gornje Igrane
3%
Kljenak
3%
Kokorići
3%
Koljane
3%
Kosore
3%
Kozica
3%
Krstatice
3%
Ljubitovica
3%
Marušići
3%
Mastrinka
3%
Medvidovića Draga
3%
Mijaca
3%
Najevi
3%
Opanci
3%
Plisko Polje
3%
Podgrađe
3%
Podprolog
3%
Poljica Kozička
3%
Postranje
3%
Pozorac
3%
Prapatnice
3%
Putišići
3%
Rašćane
3%
Ravča
3%
Stilja
3%
Svinca
3%
Umčani
3%
Vinalić
3%
Višnjica
3%
Vlaka
3%
Vrabač
3%
Zakučac
3%
Župa
3%
Biokovsko Selo
0%
Borovik
0%
Dubci
0%
Ljubljeva
0%
Ovrlje
0%
Rašćane Gornje
0%
Župa Srednja
0%
No matching quizzes found
Score Distribution
Percent of People with Each Score
Percentile by Number Answered
Your Score History
You have not taken this quiz